000 00516nam a2200193Ia 4500
008 220531s9999 xx 000 0 und d
041 _aeng
082 _bSTA / KHA
100 _aKhandelwal, Vimla
_978133
245 _aStatus Of Women in Indian Society (Ancient To Modern), (Vol. - 2)
250 _a1ST
260 _aJaipur
_bShree Niwas
_c2016
300 _a315
542 _d19-09-2017
551 _aSociology
_bUGC
650 _aSociology
_978134
906 _d2017-2018
_f11501
999 _c43310
_d43310